000 01027nam a2200217Ia 4500
003 Ost
005 20260507075015.0
008 260507s9999||||xx |||||||||||||| ||und||
020 _a7001169957
040 _cfsecg
041 _aara
082 _a658.8
100 _aالمؤذن، محمد صالح
_eمؤلف
245 0 _aمبادئ التسويق /
_c محمد صالح المؤذن
260 _aعمان:
_bمكتبة دار الثقافة للنشر,
_c2002
300 _a449 صفحة؛
_bإيضاحات ؛
_c24 سم
520 _aمصطلحات ومفاهيم تسويقية-أهمية التسويق وتطوره-وظائف ادارة التسويق وتنظيمها الإداري-تكاليف التسويق-التسويق ونظرية النظم-البيئة التسويقية-السلع والخدمات-سلوك المستهلك-تجزئة السوق-المنتجات-التشغيل-التوزيع-الترويج
653 _aادارة المبيعات
653 _aالتسويق
942 _cكتاب
999 _c42197
_d42197